Регионална библиотека "Любен Каравелов" - Русе

Честит Великден, Питър! (Запис номер 392112)

MARC детайли
000 -Лидер
Контролно поле с фиксирана дължина 01318nam a2200289 a 4500
003 - Код на организацията, давaща контролен номер
Контролно поле BLK
005 - Дата и час на последна редакция
Контролно поле 20240402173735.0
008 - Елементи от данни с фиксирана дължина
fixed length control field 201209b bu |||||r|||| 00| | bu d
020 ## - Международен стандартен номер на книга ISBN
Международен стандартен номер на книга ISBN 9789543986217
040 ## - Източник на каталожния запис
Идентификатор на билиотеката - собственик на записа BLK
041 ## - Код за език
Код за езика на текст/звукозапис или на отделно заглавие Български
Код за езика КДБФ Български
080 ## - УДК
Текстов определител УДК Английска литература
УДК код - определител по УДК 821.111
УДК - код + определител 821.111-93-91
139 ## - Редно поле
Редна дума Честит Великден, Питър!
245 ## - Сведения за заглавието
Заглавие Честит Великден, Питър!
Подзаглавни данни Докосни и усети, книжка с различни повърхности : по Беатрикс Потър
Редно поле (дума) прев. Николина Тенекеджиева
257 ## - Страна на издаване
Страна на създаване/издаване България
260 ## - Област на издателските данни
9 (RLIN) 209481
Място на издаване, разпространение и проч. София
Име на издателя, разпространителя и проч. Труд
Година на издаване 2020
300 ## - Физическа характеристика
Страници 10 с.
Илюстрации и др. с цв. ил.
Размери/Мащаб 22 x 22 см
380 ## - Жанр
Жанр Детска худож. лит.
490 ## - СЕРИИ (Колекции)
9 (RLIN) 442162
Име на серия Светът на Зайчето Питър
№: серия 19
500 ## - Общи забележки
Забележка Ориг. загл., установено от доп. източник: Happy Easter, Peter! : a touch and feel book<br/>Кор. опис.<br/>Кн. отпеч. на ламиниран картон.
700 ## - Други автори (авторска отговорност)
9 (RLIN) 394458
Лично име Тенекеджиева, Николина Лукова
Автороска отговорност (Описва отношението между автора и произведението) прев.
700 ## - Други автори (авторска отговорност)
Лично име Потър, Биатрикс
9 (RLIN) 264557
852 ## - Местоположение
Форматна сигнатура Цб 305935
Фондова буква Хранилище
999 ## - СИСТЕМНИ КОНТРОЛНИ НОМЕРА
Koha biblionumber 392112
Koha biblioitemnumber 392112
942 ## - АРТИКУЛИ
Вид на библиотечния материал Книги
Скрит в OPAC Не
Периодичен библиозапис Да
Koha issues (borrowed), all copies 1
944 ## - СЪЗДАВАНЕ И РЕДАКЦИЯ на ЗАПИСА
Създаване/Редакция Създаване
Служител, извършил регистрацията/редакцията 30531
Статус, дата на статуса Цветелина Шанова
999 ## - СИСТЕМНИ КОНТРОЛНИ НОМЕРА
Koha biblioitemnumber 392112
Наличности
Код за отписване Код за изгубен артикул Източник на класификационната схема Код за повреда Коз за рестрикции Код за отдаване Артикулен № Име на библиотеката - собственик Име на библиотеката, в която се намира в момента Статус (Текущо местоположение) Дата на вписване в системата Местоположение - отдел Цена в лева Систематично азбучна сигнатура Баркод Цена в евро Служебен тип на артикула
  Не е изгубен Universal Decimal Classification Не е повреден само за читалня ползва се в читалня 813474 Регионална библиотека "Любен Каравелов" Русе Регионална библиотека "Любен Каравелов" Русе Хранилище 2021-02-25 Хранилище 10.99 Цб 305935 120000851037 5.62 Книги
Vip Innovations Ltd, Rousse, Bulgaria 2025